7 letter capital cities - Statistics

General Stats
  • This quiz has been taken 54 times
    52 since last reset
  • The average score is 16 of 24
Answer Stats
Answer % Correct
Algiers
93%
Beijing
85%
Jakarta
81%
Tripoli
81%
Baghdad
78%
Caracas
78%
Nairobi
78%
Tallinn
74%
Vilnius
74%
Yerevan
74%
Bangkok
70%
Managua
70%
Nicosia
70%
Tbilisi
70%
Kampala
67%
Bishkek
63%
Yaoundé
63%
Honiara
52%
San Jose
52%
Conakry
48%
Palikir
48%
Thimphu
48%
Mbabane
41%
Sao Tome
41%
No matching quizzes found
Score Distribution
Percent of People with Each Score
Percentile by Number Answered
Your Score History
You have not taken this quiz since the last reset